Arbustos 2 : nativos y exóticos /
Guardado en:
| Autor Principal: | |
|---|---|
| Otros Autores: | , |
| Formato: | Libro |
| Publicado: |
Santa Fe :
Lola,
2004
|
| Series: | Biota Rioplatense Ix
|
| Materias: | |
| Etiquetas: |
Agregar Etiqueta
Sin Etiquetas, Sea el primero en etiquetar este registro!
|
| LEADER | 00686nam a22002295a 4500 | ||
|---|---|---|---|
| 001 | CEM.cems017274 | ||
| 005 | 20140226091147.0 | ||
| 008 | 130507s2004##################000#0#####d | ||
| 003 | CEMS | ||
| 020 | |a 9509725676 | ||
| 082 | 0 | 4 | |a 581.9 |
| 100 | 1 | |a Hurrell, Julio A. | |
| 245 | 1 | 0 | |a Arbustos 2 : |b nativos y exóticos / |c Julio A. Hurrel, Daniel H. Bazzano, Gustavo Delucchi |
| 260 | |a Santa Fe : |b Lola, |c 2004 | ||
| 300 | |a 288 p. | ||
| 490 | 0 | |a Biota Rioplatense Ix | |
| 653 | |a Arbustos | ||
| 653 | |a Biota rioplatense | ||
| 653 | |a Arbustos silvestres | ||
| 700 | 1 | |a Bazzano, Daniel H. | |
| 700 | 1 | |a Delucchi, Gustavo | |
| 859 | |a CEMS |b BIB. CEMS - Agricultura |h 581.9 |i H941 |p A1087.09 |t Ej.1 |v 2 |3 2 | ||
